Tracks in The Snow / (Record no. 186176)

000 -LEADER
fixed length control field 00893 a2200169 4500
003 - CONTROL NUMBER IDENTIFIER
control field NUST
005 - DATE AND TIME OF LATEST TRANSACTION
control field 20230127143820.0
040 ## - CATALOGING SOURCE
Transcribing agency Nust
082 ## - DEWEY DECIMAL CLASSIFICATION NUMBER
Classification number 904.9982,THO
100 ## - MAIN ENTRY--PERSONAL NAME
Personal name Thomas-Haig,David
9 (RLIN) 107937
245 ## - TITLE STATEMENT
Title Tracks in The Snow /
Statement of responsibility, etc. David Haig Thomas
260 ## - PUBLICATION, DISTRIBUTION, ETC.
Place of publication, distribution, etc. London
Name of publisher, distributor, etc. Hodder and stoughton
Date of publication, distribution, etc. 139
300 ## - PHYSICAL DESCRIPTION
Extent 290:p.
505 ## - FORMATTED CONTENTS NOTE
Formatted contents note Prologue (Page-11), I Make My Plans (Page-17), Greenland (Page-26), The Eskimos (Page-41), First Journey to Etah (Page-56),Second Journey in the Motor-Boat (Page-69), Last Preparations (Page-90), The Seal Hunt (Page-120), In the Igloo of Ootah (Page-134), The Start of the Sledge Journey (Page-155), Cold (Page-172), Bears (Page-186), The New Island (Page-199), Hunger and Exhaustion (Page-221), The Return Journey (Page-235), Thule (Page-257), The Return (Page-277).
650 ## - SUBJECT ADDED ENTRY--TOPICAL TERM
Topical term or geographic name entry element Tracks in The Snow
9 (RLIN) 107938
942 ## - ADDED ENTRY ELEMENTS (KOHA)
Source of classification or shelving scheme
Koha item type Book
Call number prefix 904.9982,THO
Holdings
Withdrawn status Lost status Source of classification or shelving scheme Damaged status Not for loan Permanent Location Current Location Shelving location Date acquired Full call number Barcode Date last seen Price effective from Koha item type Public note
          Military College of Signals (MCS) Military College of Signals (MCS) General Stacks 12/12/2016 904.9982,THO MCS28997 12/08/2016 12/12/2016 Book Almirah No.58, Shelf No.3
© 2023 Central Library, National University of Sciences and Technology. All Rights Reserved.